Questions-réponses sur Deauville - Statistiques

Statistiques générales
  • Ce quiz a été pris 24 fois
  • Le résultat moyen est 8 sur 16
Statistiques - réponses
Questions Réponses % Correct
Mer qui borde Deauville. La Manche
100%
Ville voisine de Deauville. La gare de Deauville porte les deux noms : Gare de Deauville-____. Trouville
100%
Région dans laquelle se situe Deauville. La Normandie
95%
Promenade - longue terrasse en bois - des plages de Deauville, conçue en 1921, qui a fait la réputation de la station, notamment grâce au Festival du film américain. Les Planches
71%
Hôtel cinq étoiles inauguré à Deauville en 1912, construit dans une architecture traditionnelle régionale de style manoir-cottage, inspiré du style Belle Époque. L'hôtel Le Normandy
62%
Fleuve côtier qui sépare Deauville de la ville précédente. Il donne également son nom à une bourgade voisine de Deauville plus à l'intérieur des terres. La Touques
57%
Villes où pour se rendre de Paris à Deauville, il faut prendre une unique correspondance : deux possibilité selon la ligne choisie. Lisieux
52%
Technique de construction qui consiste à assembler des poutres de bois à l'horizontale et à la verticale, fixées entre elles par des tenons et mortaises chevillés ensemble. Cet assemblage constitue l'ossature de la maison et de ses murs. Le marché des halles de Deauville, entre autres constructions de la ville, est construit de cette façon. Les colombages
48%
Villes où pour se rendre de Paris à Deauville, il faut prendre une unique correspondance : deux possibilités selon la ligne choisie. Caen
43%
Impératrice des Français qui donne son nom à un quai le long du port de Deauville. Eugénie de Montijo
43%
Pays respectivement d'Asie et d'Afrique où se situent Đà Lạt et Pointe-Noire, villes dont les gares ont été construites dans un style néo-normand, inspirées de celle de Deauville. Le Viet Nam
38%
Saint médiéval italien, patron des animaux. Il a donné son nom à une communauté religieuse féminine ayant fondé un orphelinat à Deauville, en 1877. Une de ses reliques se trouve dans la première pierre posée lors de la construction de l'orphelinat. La communauté est chassée des lieux avec la loi de 1905. L'ancien bâtiment est désormais un pôle culturel ouvert en 2020. Saint François d'Assise
38%
Pays respectivement d'Asie et d'Afrique où se situent Đà Lạt et Pointe-Noire, villes dont les gares ont été construites dans un style Belle-Époque, inspirées de celle de Deauville. La République du Congo
29%
Saint, Père et Docteur de l'Église qui donne son nom à l'église de Deauville. Ce saint est connu pour ses écrits sur le libre arbitre et pour ses Confessions. Saint Augustin
29%
Producteur de cinéma français qui sortit vers 1912, les premiers films (courts-métrages) en couleurs (trichrome), notamment sur la plage de Deauville. Léon Gaumont
5%
Équipe cycliste néerlandaise qui remporte le contre-la-montre par équipe du Tour de France 1979 entre Deauville et Le Havre. La Ti-Raleigh
0%
Aucun quiz correspondant
Distribution des résultats
% des personnes avec chaque résultat
Percentile par nombre de réponses
Votre historique - résultats
Vous n’avez pas pris ce quiz